000 00292nam a2200121Ia 4500
005 20251222153648.0
008 251222s9999||||xx |||||||||||||| ||spa||
082 _a516.24/R24
100 _a"Rodríguez Cordenas, Mauro Efraún"
245 0 _aTrigonometría
250 _a2a.ed.
942 _cLIB
999 _c33012
_d33012